les 6 pays qui sont Addict à tiktok - Statistiques

Statistiques générales
  • Ce quiz a été pris 1 032 fois
  • Le résultat moyen est 4 sur 6
Statistiques - réponses
Hint Réponse % Correct
38% France
100%
41% Usa
95%
71% Chine
88%
39% Russie
58%
54% Brésil
55%
62% Mexique
40%
Aucun quiz correspondant
Distribution des résultats
% des personnes avec chaque résultat
Percentile par nombre de réponses
Votre historique - résultats
Vous n’avez pas pris ce quiz